000 01394nam a2200361 i 4500
001 000015218
003 DO-SdBNP
005 20260323131821.0
007 ta
008 100203s2001 dr 000 0 spa d
020 _a9993439053
040 _aDO-SdBNP
_bspa
_cBNPHU
_erda
041 _aspa
082 4 _aRD860.44
_bC422m
_222
100 1 _aCéspedes, Diógenes,
_d1941-
_eautor
_4aut.
_920548
245 1 0 _aMemorias contra el olvido :
_bautobiografía literaria (1947-1995) /
_cDiógenes Céspedes.
264 4 _aSanto Domingo :
_bEdiciones Librería La Trinitaria,
_c©2001.
300 _a542 páginas ;
_c23 cm.
336 _atexto
_btxt
_2rdacontent
337 _asin mediación
_bn
_2rdamedia
338 _avolumen
_bnc
_2rdacarrier
500 _aIncluye datos biográficos del autor en las solapas.
500 _aIncluye referencias bibliográficas y notas al pie de las páginas.
520 _a" Estas memorias fueron publicadas en forma de artículos en el periódico El Siglo ".
590 _aInventariado, 2018 /LP
650 4 _aAutores dominicanos
_xSiglo XX
_vBiografías
_934448
650 4 _aCrítica literaria
_xRepública dominicana
_934449
650 4 _aLiteratura dominicana
_xHistoria y crítica
_9159
650 4 _aArtículos de prensa
_943
730 1 2 _aEl Siglo (República Dominicana)
_934450
910 _aValidado. Control de calidad BNPHU
942 _2ddc
_cLBS1
999 _c14788
_d14788